Bound to die /

Saved in:
Bibliographic Details
Main Author: Turner, Bill, 1927-
Format: Book
Language:English
Published: London : Constable, 1967.
LEADER 00715nam a2200205 a 4500
001 c000092913
003 CARM
005 00000000000000.0
008 940204s1967 enk 00011 eng d
019 1 |a 10692896  |z 3051980  |5 LACONCORD2021 
035 |a (OCoLC)956699  |5 LACONCORD2021 
040 |a VLINC  |c VLINC 
100 1 |a Turner, Bill,  |d 1927- 
245 1 0 |a Bound to die /  |c Bill Turner. 
260 |a London :  |b Constable,  |c 1967. 
300 |a 224 p. ;  |c 21 cm. 
852 8 |b CARM  |h A2:AE35H0  |i A01000  |p 0106883  |f BK 
082 0 4 |a 823.914  |2 20 
999 f f |i d7a5481f-2cab-51ea-a6ec-93ea696294d9  |s a7789d49-89b0-519f-8193-52a184ce169e 
952 f f |p Can circulate  |a CAVAL  |b CAVAL  |c CAVAL  |d CARM 1 Store  |e A01000  |f A2:AE35H0  |h Other scheme  |i book  |m 0106883